Extremismus : činnost bezpečnostních složek /

Hlavní autor: Vegrichtová, Barbora, 1978-
Korporativní autor: Policejní akademie České republiky. Katedra kriminální policie
Jazyk: Čeština
Vydáno: Praha : Policejní akademie České republiky v Praze, 2012
Vydání: Vyd. 1.
Témata:
Fyzický popis: 141 s. : il., mapy ; 29 cm
Knihy
Uloženo v:
LEADER 01961nam a2200493 a 4500
001 nkc20122413084
003 CZ PrNK
005 20130211124807.0
007 ta
008 121026s2012 xr ab e p 000 0 cze
015 |a cnb002413084 
020 |a 978-80-7251-385-7  |q (brož.) 
035 |a (OCoLC)823821068 
040 |a ABA001  |b cze 
043 |a e-xr--- 
072 7 |a 351  |x Úkoly veřejné správy, správní opatření, legislativa  |2 Konspekt  |9 15 
072 7 |a 37.016  |x Učební osnovy. Vyučovací předměty. Učebnice  |2 Konspekt  |9 22 
080 |a 329.055  |2 MRF 
080 |a 343.851:329.055  |2 MRF 
080 |a 351.74/.76+614.842  |2 MRF 
080 |a (437.3)  |2 MRF 
080 |a (075.8)  |2 MRF 
100 1 |a Vegrichtová, Barbora,  |d 1978-  |7 jo2012735812  |4 aut 
245 1 0 |a Extremismus :  |b činnost bezpečnostních složek /  |c Barbora Vegrichtová 
250 |a Vyd. 1. 
260 |a Praha :  |b Policejní akademie České republiky v Praze,  |c 2012 
300 |a 141 s. :  |b il., mapy ;  |c 29 cm 
500 |a Na obálce nad názvem: Policejní akademie České republiky v Praze, Fakulta bezpečnostně právní, katedra kriminální policie 
500 |a 200 výt. 
504 |a Obsahuje bibliografii a bibliografické odkazy 
650 0 7 |a extremismus  |7 ph115793  |z Česko  |2 czenas 
650 0 7 |a boj proti extremismu  |7 ph736765  |z Česko  |2 czenas 
650 0 7 |a bezpečnostní sbory  |7 ph394383  |z Česko  |2 czenas 
650 0 9 |a extremism  |z Czechia  |2 eczenas 
650 0 9 |a extremism control  |z Czechia  |2 eczenas 
650 0 9 |a safety forces  |z Czechia  |2 eczenas 
655 7 |a učebnice vysokých škol  |7 fd133772  |2 czenas 
655 9 |a textbooks (higher)  |2 eczenas 
710 2 |a Policejní akademie České republiky.  |b Katedra kriminální policie  |7 kn20110110006 
910 2 |a BOA001  |b 4-1298.901 
990 |a BK 
995 |a 01 
991 |b 201302  |c NOV  |e n 
996 6 |b 2610537172  |c 4-1298.901  |l MZK  |r Sklad / do 1 hodiny  |n 7  |p p.v.  |w 001310900  |u 000010  |a 1  |e BOA001  |j MZK50  |s P